000 00721nam a2200205Ia 4500
005 20260121110128.0
008 008 260114s9999 xx 000 0 hin d
020 _a9788132374305
037 _aEBOOK
040 _aCRL
_bhin
_cCRL
041 _ahin
_2hin
084 _qCRL
100 _aनवीसा वाही / Navisa Wahi
_9942402
245 0 _aफास्ट फूड के प्रकार और बनाने की विधियां / Fast food ke prakar aur banane ki vidhiyaan
260 _bभाषा प्रकाशन / Bhasha Prakashan
_c2022
856 _uhttps://bhashaprakashan.com/product-details/380554
942 _cEBOOK
999 _c1534067
_d1534067